|
|
|
|
| LEADER |
00000nab a2200000 ar4500 |
| 001 |
vtls009308634 |
| 003 |
SK-MaSNL |
| 005 |
20260304210937.0 |
| 008 |
080703c2008 xo |r|p|||||||000 b|slo |
| 015 |
|
|
|a SNBRB2008/07
|2 snkbucl
|
| 038 |
|
|
|a SNKBUCL
|
| 040 |
|
|
|a SNKBUCL
|b slo
|c SNKBUCL
|e AACR2
|
| 041 |
0 |
|
|a slo
|
| 044 |
|
|
|a xo
|c SK
|
| 080 |
|
|
|a 655.413
|x (437.6)
|2 2001
|
| 080 |
|
|
|a 378.4
|x (437.6)
|2 2001
|
| 245 |
0 |
0 |
|a EDIS - vydavateľstvo Žilinskej univerzity
|c Miroslav Pfliegel
|
| 300 |
|
|
|b Fotogr.
|
| 610 |
2 |
7 |
|a Žilinská univerzita v Žiline.
|b Vydavateľstvo EDIS
|2 snkbucl
|9 259558
|
| 610 |
2 |
7 |
|a Žilinská univerzita v Žiline
|2 snkbucl
|9 165741
|
| 651 |
|
7 |
|a Žilina (Slovensko)
|2 snkbucl
|9 28812
|
| 655 |
|
7 |
|a rozhovory
|2 snkbucl
|9 31831
|
| 700 |
1 |
|
|a Pfliegel, Miroslav,
|d 1946-2018
|4 ive
|4 aut
|9 103946
|
| 773 |
0 |
|
|t Knižná revue
|g Roč. XVIII, č. 12 (2008), s. 10
|x 1210-1982
|
| 852 |
|
|
|a SNK
|b KIS3GCP
|
| 958 |
|
|
|a SK
|
| 958 |
|
|
|a KL
|
| 999 |
|
|
|c 3128163
|d 3130093
|